00401nam a2200145 a 4500008004100000050001500041100001900056245004100075246003700116260004300153300001400196350000900210650002100219650001500240120416s1956 ||||||||||||||||| || u aJN 175 Dod aDodd, Arthur H14aThe growth of responsible government afrom James the First to Victoria aLondonbRoutledge and Kegan Paulc1956 axv, 215p. a0.00 aPOLITICAL GROWTH aGOVERNMENT